MARC details
| 000 -CABECERA |
| campo de control de longitud fija |
01751nam a2200313 a 4500 |
| 001 - NÚMERO DE CONTROL |
| campo de control |
000035949 |
| 003 - IDENTIFICADOR DEL NÚMERO DE CONTROL |
| campo de control |
DO-SdBNP |
| 005 - FECHA Y HORA DE LA ÚLTIMA TRANSACCIÓN |
| campo de control |
20240229073921.0 |
| 007 - CAMPO FIJO DE DESCRIPCIÓN FÍSICA--INFORMACIÓN GENERAL |
| campo de control de longitud fija |
ta |
| 008 - DATOS DE LONGITUD FIJA--INFORMACIÓN GENERAL |
| campo de control de longitud fija |
111121s1999 dr ac gr 001 0dspa d |
| 040 ## - FUENTE DE LA CATALOGACIÓN |
| Centro catalogador/agencia de origen |
DO-SdBNP |
| Lengua de catalogación |
spa |
| Centro/agencia transcriptor |
BNPHU |
| 082 #4 - NÚMERO DE LA CLASIFICACIÓN DECIMAL DEWEY |
| Número de clasificación |
781.63 |
| Número de documento/Ítem |
B333h |
| Número de edición |
22 |
| 100 1# - ENTRADA PRINCIPAL--NOMBRE DE PERSONA |
| Nombre de persona |
Batista Matos, Carlos |
| 9 (RLIN) |
61974 |
| 245 10 - MENCIÓN DE TÍTULO |
| Título |
Historia y evolución del merengue / |
| Mención de responsabilidad, etc. |
Carlos Batista Matos; prólogo, Andrés L. Mateo |
| 260 ## - PUBLICACIÓN, DISTRIBUCIÓN, ETC. |
| Lugar de publicación, distribución, etc. |
Santo Domigo : |
| Nombre del editor, distribuidor, etc. |
[BANINTER], |
| Fecha de publicación, distribución, etc. |
1999 |
| 300 ## - DESCRIPCIÓN FÍSICA |
| Extensión |
348 p. : |
| Otras características físicas |
il., retrs., fotogr. ; |
| Dimensiones |
23 cm. |
| 500 ## - NOTA GENERAL |
| Nota general |
Incluye datos biográficos del autor. |
| 504 ## - NOTA DE BIBLIOGRAFÍA, ETC. |
| Nota de bibliografía, etc. |
Bibliografía: p. 344- 346 |
| 505 ## - NOTA DE CONTENIDO CON FORMATO |
| Nota de contenido con formato |
Prólogo. |
| 505 ## - NOTA DE CONTENIDO CON FORMATO |
| Nota de contenido con formato |
Introducción. |
| Título |
El origen.-- |
| -- |
Merengue típico.-- |
| -- |
Conjunto típico.-- |
| -- |
El genio de Luis Alberti o la venganza de Trujillo.-- |
| -- |
La big band.-- |
| -- |
Los aportes del rey.-- |
| -- |
La revolución de Johnny Ventura.-- |
| -- |
El Combo Show |
| -- |
El sonido beduino.-- |
| -- |
Regresan los Caballos.-- |
| -- |
El merengue melódico.-- |
| -- |
La mujer en el merengue.-- |
| -- |
La revolución electrónica.-- |
| -- |
El fenómeno de Juan Luis Guerra.-- |
| -- |
El sonido Coco Band.-- |
| -- |
Industria & Estudios.-- |
| -- |
Puerto Rico se rinde.-- |
| -- |
El boom del merengue en Puerto Rico.-- |
| -- |
Qué sabe del merengue.-- |
| -- |
Biografías.-- |
| -- |
Los merengues del siglo XX.-- |
| -- |
Orquestas del siglo XX.-- |
| -- |
Arreglos orquestales. |
| -- |
Biografías.-- |
| -- |
Bibliografía. |
| 590 ## - NOTA LOCAL (RLIN) |
| Nota local |
Inventariado 2022 / MF |
| 650 #4 - PUNTO DE ACCESO ADICIONAL DE MATERIA--TÉRMINO DE MATERIA |
| 9 (RLIN) |
80876 |
| Término de materia o nombre geográfico como elemento de entrada |
Música popular |
| Subdivisión geográfica |
República Dominicana |
| Subdivisión general |
Historia |
| 650 #4 - PUNTO DE ACCESO ADICIONAL DE MATERIA--TÉRMINO DE MATERIA |
| 9 (RLIN) |
74110 |
| Término de materia o nombre geográfico como elemento de entrada |
Merengue |
| Subdivisión general |
Historia |
| Subdivisión geográfica |
República Dominicana |
| 650 #4 - PUNTO DE ACCESO ADICIONAL DE MATERIA--TÉRMINO DE MATERIA |
| 9 (RLIN) |
1324 |
| Término de materia o nombre geográfico como elemento de entrada |
Merengue (música) |
| Subdivisión geográfica |
República Dominicana |
| 650 #4 - PUNTO DE ACCESO ADICIONAL DE MATERIA--TÉRMINO DE MATERIA |
| Término de materia o nombre geográfico como elemento de entrada |
Música popular dominicana |
| 9 (RLIN) |
2541 |
| 700 1# - PUNTO DE ACCESO ADICIONAL--NOMBRE DE PERSONA |
| Nombre de persona |
Mateo, Andrés L., |
| Fechas asociadas al nombre |
1946- |
| Término indicativo de función/relación |
pról. |
| 9 (RLIN) |
776 |
| 910 ## - DATOS DE OPCIÓN DEL USUARIO (OCLC) |
| Datos de opción del usuario |
MFeliz/Validado. Control de calidad MFF |
| 942 ## - ELEMENTOS DE PUNTO DE ACCESO ADICIONAL (KOHA) |
| Fuente del sistema de clasificación o colocación |
Dewey Decimal Classification |
| Tipo de ítem Koha |
Libro |